Statistics for Countries Closest to Bulgaria - One Minute Sprint

Click here to take the quiz!

General Stats

  • This quiz has been taken 968 times
  • The average score is 16 of 20

Answer Stats

kmcountry% Correct
0Romania
98%
0Greece
97%
0Serbia
94%
0Turkey
93%
0North
Macedonia
92%
148Ukraine
87%
164Moldova
85%
148Albania
84%
315Croatia
84%
54Kosovo
82%
258Hungary
80%
175Montenegro
80%
221Bosnia and
Herzegovina
79%
535Slovenia
78%
358Russia
74%
497Slovakia
70%
400Italy
63%
570Austria
55%
640Czechia
55%
533Poland
54%

Score Distribution

Percentile by Number Answered

Percent of People with Each Score

Your Score History

You have not taken this quiz